00621nam a2200157 a 4500008004100000020001500041050001500056100002300071245006500094260003200159300002200191350000900213995009300222999001700315952013100332080109s1965 ||||||||||||||||| || u a0070189846 aTK 454 Edm aEdminister, Joseph10aSchaum's Outline of theory and problems of electric circuits aNew YorkbMcGraw-Hillc1965 a(6), 289p. : ill. a0.00 D0.00FCBU-MAIN LIBRARY (Kitwe)H1I7.95M1UDAMAGEDZMain Library Open Access Collection c57021d57021 00102lcc4070a001b001cMain Library Open Access Collectiond2022-11-30l0oTK 454 Edmp024216r2022-11-30w2022-11-30y002